LEADER 01707nam a2200385 u 4500 001 000000059598 003 CaOOAMICUS 005 20070226120822.0 008 010703s1998 it u000 u ita u 020 $a881870222X 035 $a10895144 040 $aPUL(R)$bita 041 1 $aita$agre 100 0 $aHippocrates,$dc. 460-370 a.C.$0(OLS)http://pul/name/15759 240 10$aDe prisca medicina$9(Hippocrates, c. 460-370 a.C.).$lItaliano e greco.$0(OLS)http://pul/title/79779 245 10$aAntica medicina ; Giuramento del medico /$cIppocrate ; introduzione, traduzione e note di Mario Vegetti. 260 $aMilano :$bRusconi,$c1998. 300 $a144 p. ;$c21 cm 490 1 $aTesti a fronte ;$v71 500 $aTesto greco a fronte. 504 $aBibliografia: [139]-141. 700 1 $aVegetti, Mario,$d1937-$0(OLS)http://pul/name/35258 700 0 $aHippocrates,$dc. 460-370 a.C.$tIusiurandum$9(Hippocrates, c.460-370 a.C)$lItaliano e greco.$0(OLS)http://pul/name/41073 740 0 $aGiuramento del medico. 830 0$aTesti a fronte ;$v71.$0(OLS)http://pul/title/7181 850 $aPUL 852 $aPUL$W1$xSL Filosofia 2$y80$mPhil A2 71$j77697$nBK-PRI$b $qStampati altre collocazioni$B77697$CPULBib$Z2$F77697 $H $81 900 $aIppocrate,$dc. 460-370 a.C.$915759 900 $aHippokrates,$dc. 460-370 a.C.$915759 941 1 $a10 961 $aINV: 78762 996 $6020$a881870222X$9(OLS)http://pul/number/76082 996 $6245$aAntica medicina ; Giuramento del medico$9(OLS)http://pul/title/79780 996 $6740$aGiuramento del medico$9(OLS)http://pul/title/79781 996 $6260$aMilano :$bRusconi$9(OLS)http://pul/publisher/47863 LEADER 01354nam a2200265 a 4500 001 000000164628 003 CaOOAMICUS 005 20171128112622.0 008 171128s1997 sp 001 0 por r 032 $aLibriCat 040 $aPUL$bita 100 1 $aBurgos, Miria Suzana.$0(OLS)http://pul/name/105872 245 13$aAs atividades lúdico-desportivas e sua relaçâo com o desenvolvimento integrado da personalidade em crianças de 7 a 11 anos /$cMiria Suzana Burgos. 260 $aSalamanca :$b[s.n.],$c1997. 300 $a99 p. ;$c24 cm. 502 $aEstratto da tesi. Universidad Pontificia de Salamanca. Facultad de Ciencias Humanas e Sociales. Seccion: CC. de la Educacion. 1997. 504 $aBibliografia in nota. 650 4$aBambini.$0(OLS)http://pul/subject/45191 710 2 $aUniversidad pontificia de Salamanca.$bFacultad de Ciencias de la Educacion$kTesi.$0(OLS)http://pul/name/84884 850 $aPUL 852 $aPUL$W1$xDP1 Tesi Univ. Salamanca$y45$mTH UPSA 378$j188776$qTesi$B191931$CPULBib$Z2$F191931 $H78838 $82 941 1 $a16 996 $6245$aAs atividades lúdico-desportivas e sua relaçâo com o desenvolvimento integrado da personalidade em crianças de 7 a 11 anos$9(OLS)http://pul/title/204311 996 $6260$aSalamanca :$b[s.n.]$9(OLS)http://pul/publisher/53020